| 000 | 00524nam a22001697a 4500 | ||
|---|---|---|---|
| 003 | URS | ||
| 005 | 20220114171614.0 | ||
| 008 | 170324b xxu||||| |||| 00| 0 eng d | ||
| 020 | _a0844285854 | ||
| 050 |
_aGV160 _bJ45 |
||
| 100 |
_aJensen, Clayne R. _4author |
||
| 245 |
_aOpportunities in recreation and leisure careers _cClayne R. Jensen, Jay H. Naylor, Author |
||
| 260 |
_aLincolnwood, Chicago: _bVGM Career Horizons, _c1990 |
||
| 300 |
_aviii, 149 pages; _c20 cm. |
||
| 700 |
_4author _aNaylor, Jay H. |
||
| 942 |
_cFR _2lcc |
||
| 999 |
_c14273 _d14273 |
||